UBT Library

Managing the successful sales force (Record no. 1286)

000 -LEADER
fixed length control field 00333nam a22001337a 4500
008 - FIXED-LENGTH DATA ELEMENTS--GENERAL INFORMATION
fixed length control field 151015b xxu||||| |||| 00| 0 eng d
020 ## - INTERNATIONAL STANDARD BOOK NUMBER
International Standard Book Number 0072864877
080 ## - UNIVERSAL DECIMAL CLASSIFICATION NUMBER
Universal Decimal Classification number 658
245 0# - TITLE STATEMENT
Title Managing the successful sales force
Statement of responsibility, etc james m.comer alan j.dubinsky
260 ## -
-- 1985
300 ## -
-- 145
-- me il
650 #0 -
-- menaxhim
942 ## - ADDED ENTRY ELEMENTS (KOHA)
Source of classification or shelving scheme
Item type Books
Holdings
Withdrawn status Lost status Source of classification or shelving scheme Damaged status Not for loan Collection code Permanent location Current location Shelving location Date acquired Total Checkouts Full call number Barcode Date last seen Koha item type
          Koleksioni i përgjithshem UBT - Lipjan UBT - Lipjan Koleksioni i përgjithshem 10/22/2015   339.138 PET 002-008741 10/22/2015 Books
UBT Library © 2015-2024. All rights reserved University Education for Business and Technology